Southville International School and Colleges
Your cart is empty.
  • Cart
  • Lists
    Public lists Eva Luna New books Lux_list list_1
    Your lists Log in to create your own lists
  • Log in to your account
  • Your cookies
  • Search history
Southville International School and Colleges
  • Advanced search
  • Recent comments
  • Most popular
  • Libraries

Log in to your account

Log in with GOOGLE


If you do not have an external account, but do have a local account, you can still log in:

  1. Home
  2. MARC view: The Comedies of Terence :
Normal view MARC view ISBD view

The Comedies of Terence : (Record no. 251443)

[ view plain ]
MARC details
000 -LEADER
fixed length control field 01017cam a22002653a 4500
001 - CONTROL NUMBER
control field 22188
003 - CONTROL NUMBER IDENTIFIER
control field PGUSA
005 - DATE AND TIME OF LATEST TRANSACTION
control field 20140828083455.0
008 - FIXED-LENGTH DATA ELEMENTS--GENERAL INFORMATION
fixed length control field 070731s2007||||xxu|||||s|||||000 | eng d
040 ## - CATALOGING SOURCE
Original cataloging agency PGUSA
Language of cataloging eng
042 ## - AUTHENTICATION CODE
Authentication code dc
050 #4 - LIBRARY OF CONGRESS CALL NUMBER
Classification number PA
100 1# - MAIN ENTRY--PERSONAL NAME
Personal name Terence
245 14 - TITLE STATEMENT
Title The Comedies of Terence :
Remainder of title Literally Translated into English Prose, with Notes
Medium [electronic resource] /
Statement of responsibility, etc Terence
260 ## - PUBLICATION, DISTRIBUTION, ETC. (IMPRINT)
Name of publisher, distributor, etc Project Gutenberg,
Date of publication, distribution, etc 2007
505 0# - FORMATTED CONTENTS NOTE
Formatted contents note Andria; or, the Fair Andrian -- Eunuchus; or, the Eunuch -- Heautontimorumenos; or, the Self-Tormentor -- Adelphi; or, the Brothers -- Hecyra; the Mother-in-law -- Phormio; or, the Scheming Parasite.
506 ## - RESTRICTIONS ON ACCESS NOTE
Terms governing access Public domain in the USA.
516 ## - TYPE OF COMPUTER FILE OR DATA NOTE
Type of computer file or data note Electronic text
653 ## - INDEX TERM--UNCONTROLLED
Uncontrolled term Terence -- Translations into English
653 ## - INDEX TERM--UNCONTROLLED
Uncontrolled term Latin drama (Comedy) -- Translations into English
700 1# - ADDED ENTRY--PERSONAL NAME
Personal name Riley, Henry T.
Fuller form of name (Henry Thomas),
Dates associated with a name 1816-1878
830 #0 - SERIES ADDED ENTRY--UNIFORM TITLE
Uniform title Project Gutenberg
Volume number/sequential designation 22188
856 40 - ELECTRONIC LOCATION AND ACCESS
Uniform Resource Identifier <a href="http://www.gutenberg.org/ebooks/22188">http://www.gutenberg.org/ebooks/22188</a>
942 ## - ADDED ENTRY ELEMENTS (KOHA)
Koha item type eBooks
Holdings
Withdrawn status Lost status Damaged status Home library Current library Date acquired Total Checkouts Date last seen Price effective from Koha item type
      Project Gutenberg Project Gutenberg 08/28/2014   08/28/2014 08/28/2014 eBooks

The Comedies of Terence :

APA

Terence, Riley H. T., . (2007). The Comedies of Terence. : Project Gutenberg.

Chicago

Terence, Riley Henry T, . 2007. The Comedies of Terence. : Project Gutenberg.

Harvard

Terence, Riley H. T., . (2007). The Comedies of Terence. : Project Gutenberg.

MLA

Terence, Riley Henry T, . The Comedies of Terence. : Project Gutenberg. 2007.

  • Place hold
  • Print
  • Cite
  • Add to your cart (remove)
  • Save record
    BIBTEX Dublin Core MARCXML MARC (non-Unicode/MARC-8) MARC (Unicode/UTF-8) MARC (Unicode/UTF-8, Standard) MODS (XML) RIS
  • More searches
    Search for this title in:
    Other Libraries (WorldCat) Other Databases (Google Scholar) Online Stores (Bookfinder.com) Open Library (openlibrary.org)

Exporting to Dublin Core...

SOUTHVILLE LIBRARY

Southville International School and Colleges Library

1281 Tropical Ave. Cor. Luxembourg St., BF Homes International, Las Pinas City

Tel. No. 8256374 / 252358 Loc. 117/146

Powered by Koha